Growth & development, with special reference to developing economies / (Record no. 14635)

000 -LEADER
fixed length control field 00797cam a22002294a 4500
020 ## - INTERNATIONAL STANDARD BOOK NUMBER
ISBN 1403996008 (cloth)
020 ## - INTERNATIONAL STANDARD BOOK NUMBER
ISBN 1403996016 (paper)
020 ## - INTERNATIONAL STANDARD BOOK NUMBER
ISBN 9781403996008
020 ## - INTERNATIONAL STANDARD BOOK NUMBER
ISBN 9781403996015
040 ## - CATALOGING SOURCE
Transcribing agency DLC
082 00 - DEWEY DECIMAL CLASSIFICATION NUMBER
Classification number 338 PAL 2006 A069 Co.
100 1# - MAIN ENTRY--AUTHOR NAME
Personal name Thirlwall, A. P.
245 10 - TITLE STATEMENT
Title Growth & development, with special reference to developing economies /
246 3# - VARYING FORM OF TITLE
Title proper/short title Growth and development, with special reference to developing economies
250 ## - EDITION STATEMENT
Edition statement 8th ed.
260 ## - PUBLICATION, DISTRIBUTION, ETC. (IMPRINT)
Place of publication New York :
Name of publisher Palgrave Macmillan,
Year of publication 2006.
300 ## - PHYSICAL DESCRIPTION
Number of Pages xxx, 685 p. :
Other physical details ill., map ;
Dimensions 25 cm.
650 #0 - SUBJECT ADDED ENTRY--TOPICAL TERM
Topical Term Economic development.
856 42 - ELECTRONIC LOCATION AND ACCESS
Uniform Resource Identifier http://www.loc.gov/catdir/enhancements/fy0624/2005047559-d.html
856 41 - ELECTRONIC LOCATION AND ACCESS
Uniform Resource Identifier http://www.loc.gov/catdir/enhancements/fy0624/2005047559-t.html
942 ## - ADDED ENTRY ELEMENTS (KOHA)
Koha item type សៀវភៅភាសាអង់គ្លេស
952 ## - LOCATION AND ITEM INFORMATION (KOHA)
Withdrawn status [LOCAL, KOHA] 0
Holdings
Permanent Location Date acquired Koha item type Lost status Shelving location Barcode Current Location Full call number
Library Block A2017-10-20សៀវភៅភាសាអង់គ្លេស A069A07410Library Block A338 PAL 2006 A069 Co.
មជ្ឈមណ្ឌលឯការនៃសាកលវិទ្យាល័យភូមិន្ទកសិកម្មចំការដូង

Powered by Koha